Statistics for Top 10 Girls Names Beginning With 'C'

Click here to take the quiz!

General Stats

  • This quiz has been taken 104 times
  • The average score is 6 of 10

Answer Stats

HintAnswer% Correct
5.Catherine
77%
1.Chloe
74%
4.Caroline
72%
2.Charlotte
69%
3.Claire
63%
9.Christina
62%
7.Courtney
44%
6.Cassandra
41%
8.Cynthia
36%
10.Chelsea
28%

Score Distribution

Percentile by Number Answered

Percent of People with Each Score

Your Score History

You have not taken this quiz